Normal view
MARC view
- الحاسب - شيكات - تراسل
Entry Topical Term
001 - CONTROL NUMBER
- control field: 58306
003 - CONTROL NUMBER IDENTIFIER
- control field: JO-AjAnu
005 - DATE AND TIME OF LATEST TRANSACTION
- control field: 20230606083537.0
008 - FIXED-LENGTH DATA ELEMENTS
- fixed length control field: 230606|| aca||aabn | a|a d
040 ## - CATALOGING SOURCE
- Original cataloging agency: JO-AjAnu
- Transcribing agency: JO-AjAnu
150 ## - HEADING--TOPICAL TERM
- Topical term or geographic name entry element: الحاسب - شيكات - تراسل
670 ## - SOURCE DATA FOUND
- Source citation: Work cat.: (JO-AjAnu)29744: اعداد محمد عقله حامد المزاهره، حسين حسن محمد القضاه؛ اشراف محمد بني يونس، ياسر الشرع , author 58305, تراسل البيانات عبر الانترنت = Data Communication Via Messenger